Giáo trình hóa phân tích môi trường

Trình bày cơ sở của hoá phân tích môi trường; cân bằng hoá học; xử lí số liệu phân tích; phương pháp phân tích trọng lượng; chuẩn độ; phương pháp phân tích điện hoá; phương pháp phân tích quang phổ; tách phân tích các chất ô nhiễm trong...

Ful tanımlama

Kaydedildi:
Detaylı Bibliyografya
Yazar: Nguyễn, Văn Sức
Materyal Türü: Kitap
Dil:Undetermined
Baskı/Yayın Bilgisi: Thành phố Hồ Chí Minh Nxb. Đại học Quốc gia 2014
Konular:
Etiketler: Etiketle
Etiket eklenmemiş, İlk siz ekleyin!
Thư viện lưu trữ: Trung tâm Học liệu Trường Đại học Cần Thơ
LEADER 01065nam a2200205Ia 4500
001 CTU_203045
008 210402s9999 xx 000 0 und d
020 |c 50000 
082 |a 628.16 
082 |b S552 
100 |a Nguyễn, Văn Sức 
245 0 |a Giáo trình hóa phân tích môi trường 
245 0 |c Nguyễn Văn Sức 
260 |a Thành phố Hồ Chí Minh 
260 |b Nxb. Đại học Quốc gia 
260 |c 2014 
520 |a Trình bày cơ sở của hoá phân tích môi trường; cân bằng hoá học; xử lí số liệu phân tích; phương pháp phân tích trọng lượng; chuẩn độ; phương pháp phân tích điện hoá; phương pháp phân tích quang phổ; tách phân tích các chất ô nhiễm trong môi trường bằng phương pháp sắc ký 
650 |a Kỹ thuật môi trường,Environmental engineering 
904 |i Nguyên 
980 |a Trung tâm Học liệu Trường Đại học Cần Thơ